Länder Europas im Jahre 1800 - Statistiken

Allgemein
  • Dieses Quiz wurde 333 mal gespielt
  • Das Durchschnittsergebnis liegt bei 14 aus 29
Antwortstatistiken
European Countries in 1800 % Korrekt
Frankreich
93%
Habsburgermonarchie
93%
Russisches Reich
93%
Dänemark–Norwegen
92%
Grossbritannien
91%
Schweden
91%
Spanisches Reich
91%
Königreich Portugal
89%
Osmanisches Reich
85%
Königreich Preußen
80%
Batavische Republik
74%
Heiliges Römisches Reich
56%
Königreich Neapel und Sizilien / Königreich beider Sizilien
54%
Fürstentum Andorra
52%
Monaco
49%
Königreich Irland
45%
San Marino
45%
Päpstliche Staaten I Kirchenstaat
42%
Fürstbistum von Montenegro
32%
Königreich Sardinien
31%
Großherzogtum Toskana
20%
Fürstentum Moldau
14%
Herzogtum Savoyen
10%
Fürstentum Walachei,
4%
Herzogtum Schleswig
4%
Cisalpinische Republik
2%
Repubblica di Cospaia
2%
Couto Misto
1%
Staat Gozo / Stat ta' Għawdex
0%
Keine übereinstimmenden Quizze gefunden
Verteilung der Resultate
Anzahl Personen mit jedem Resultat
Perzentil nach korrekt beantworteten Fragen
Ihre Resultats-Entwicklung
Sie haben dieses Quiz noch nicht gespielt